| 000 | 01126cam a22002294a 4500 | ||
|---|---|---|---|
| 005 | 20250605164220.0 | ||
| 008 | 250528s ||||||||||||||||||||||||d | ||
| 035 | _a20619 | ||
| 020 | _a47149089 | ||
| 040 |
_aGR-AtMCL _bgre _dGR-AtMCL _eAACR2 |
||
| 245 | 1 | _aResearch Methods in Clinical Psychology / An Introduction for Students and Practitioners: Second Edition | |
| 250 | _a2nd | ||
| 260 |
_bJohn Wiley & Sons, Ltd, _c2002 |
||
| 300 | _a288 | ||
| 520 | _aA reader-friendly introduction to doing, and thinking about, research for clinical psychologists. Preface, Introduction: The Research Process, Perspectives on Research, Doing the Groundwork, Foundations of Quantitative Methods, Foundations of Qualitative Methods, Self-Report Methods, Observation, Foundations of Design, Small-N Designs, The Participants: Sampling and Ethics, Evaluation Research, Analysis and Interpretation and Dissemination, Epilogue, References, Author and Subject Index. | ||
| 700 | 1 |
_aBarker Chris _95944 |
|
| 700 | 1 |
_aElliott Robert _95945 |
|
| 700 | 1 |
_aPistrang Nancy _95946 |
|
| 942 | _cBK | ||
| 999 |
_c5710 _d5710 |
||